| 000 | 00453nam a2200121Ia 4500 | ||
|---|---|---|---|
| 008 | 220615s9999||||xx |||||||||||||| ||und|| | ||
| 100 | _aDidem Gökçe | ||
| 245 | 0 | _aWetlands Management - Assessing Risk and Sustainable Solutions | |
| 546 | _aEnglish[eng] | ||
| 650 | _aLife Sciences||Ecosystem||Ecology||Environmental Sciences | ||
| 856 | _uhttps://www.intechopen.com/books/wetlands-management-assessing-risk-and-sustainable-solutions | ||
| 942 | _cEB | ||
| 999 |
_c18519 _d18519 |
||